000 00331 a2200133 4500
082 _a297.1227
090 _c4937
_d4937
100 _aAli,Abdullah Yusuf
245 _aThe Holy Quran
_cAbdullah Yusuf Ali
260 _aLahore
_bSh.Muhammad Ashraf
_c1979
300 _a1754p
500 _aHard cover
942 _aNBS
_cBK
_k297.1227 QUR
999 _c347366
_d347366